|
|
|
|
| LEADER |
03716nam a2200589 4500 |
| 001 |
978-981-13-6019-0 |
| 003 |
DE-He213 |
| 005 |
20191220130846.0 |
| 007 |
cr nn 008mamaa |
| 008 |
190315s2019 si | s |||| 0|eng d |
| 020 |
|
|
|a 9789811360190
|9 978-981-13-6019-0
|
| 024 |
7 |
|
|a 10.1007/978-981-13-6019-0
|2 doi
|
| 040 |
|
|
|d GrThAP
|
| 050 |
|
4 |
|a TP807-823
|
| 050 |
|
4 |
|a TA418.9.C6
|
| 072 |
|
7 |
|a TDCQ
|2 bicssc
|
| 072 |
|
7 |
|a TEC021010
|2 bisacsh
|
| 072 |
|
7 |
|a TDC
|2 thema
|
| 082 |
0 |
4 |
|a 620.14
|2 23
|
| 245 |
1 |
0 |
|a Processing of Green Composites
|h [electronic resource] /
|c edited by Pawan Kumar Rakesh, Inderdeep Singh.
|
| 250 |
|
|
|a 1st ed. 2019.
|
| 264 |
|
1 |
|a Singapore :
|b Springer Singapore :
|b Imprint: Springer,
|c 2019.
|
| 300 |
|
|
|a XXII, 123 p. 53 illus., 50 illus. in color.
|b online resource.
|
| 336 |
|
|
|a text
|b txt
|2 rdacontent
|
| 337 |
|
|
|a computer
|b c
|2 rdamedia
|
| 338 |
|
|
|a online resource
|b cr
|2 rdacarrier
|
| 347 |
|
|
|a text file
|b PDF
|2 rda
|
| 490 |
1 |
|
|a Materials Horizons: From Nature to Nanomaterials,
|x 2524-5384
|
| 505 |
0 |
|
|a Preface -- Introduction -- Introduction to Green Composites -- Mechanical behavior of natural fiber reinforced green composite -- Feasibility study of fly ash as filler in banana fiber reinforced hybrid composite -- Mechanical properties of biodegradable composites subjected to hydro-thermal environment -- Effects of chemical treatment on the natural fiber reinforced composites -- Physico-mechanical properties of Himalayan nettle fabric reinforced polyester composite -- Role of Silk Fiber Reinforced Composites in Engineering and Medical Applications -- Machining on natural fiber reinforced PLA composite -- Index -- Bibliography.
|
| 520 |
|
|
|a This book is a collection of chapters focusing on green composite materials. The selection of natural fibers and polymer matrix materials, and the bonding between them forms an essential aspect of this book. The book discusses the chemical treatment of natural fibers and their compatibility with different matrix materials. The growing applications of composites in every day life ranging from automobiles to aerospace are also discussed. The book highlights the importance of processing of natural fiber reinforced composite materials to enhance their mechanical strength and performance. The contents of this book will be beneficial for students, researchers and industry professionals working on composite materials. .
|
| 650 |
|
0 |
|a Ceramics.
|
| 650 |
|
0 |
|a Glass.
|
| 650 |
|
0 |
|a Composites (Materials).
|
| 650 |
|
0 |
|a Composite materials.
|
| 650 |
|
0 |
|a Green chemistry.
|
| 650 |
|
0 |
|a Mechanics.
|
| 650 |
|
0 |
|a Mechanics, Applied.
|
| 650 |
|
0 |
|a Biomaterials.
|
| 650 |
1 |
4 |
|a Ceramics, Glass, Composites, Natural Materials.
|0 http://scigraph.springernature.com/things/product-market-codes/Z18000
|
| 650 |
2 |
4 |
|a Green Chemistry.
|0 http://scigraph.springernature.com/things/product-market-codes/C35000
|
| 650 |
2 |
4 |
|a Solid Mechanics.
|0 http://scigraph.springernature.com/things/product-market-codes/T15010
|
| 650 |
2 |
4 |
|a Biomaterials.
|0 http://scigraph.springernature.com/things/product-market-codes/Z13000
|
| 700 |
1 |
|
|a Rakesh, Pawan Kumar.
|e editor.
|4 edt
|4 http://id.loc.gov/vocabulary/relators/edt
|
| 700 |
1 |
|
|a Singh, Inderdeep.
|e editor.
|4 edt
|4 http://id.loc.gov/vocabulary/relators/edt
|
| 710 |
2 |
|
|a SpringerLink (Online service)
|
| 773 |
0 |
|
|t Springer eBooks
|
| 776 |
0 |
8 |
|i Printed edition:
|z 9789811360183
|
| 776 |
0 |
8 |
|i Printed edition:
|z 9789811360206
|
| 830 |
|
0 |
|a Materials Horizons: From Nature to Nanomaterials,
|x 2524-5384
|
| 856 |
4 |
0 |
|u https://doi.org/10.1007/978-981-13-6019-0
|z Full Text via HEAL-Link
|
| 912 |
|
|
|a ZDB-2-CMS
|
| 950 |
|
|
|a Chemistry and Materials Science (Springer-11644)
|